Stokely Speaks Black Power to Pan Africanism (Record no. 226340)

MARC details
000 -LEADER
fixed length control field 00599nam a22002057a 4500
005 - DATE AND TIME OF LATEST TRANSACTION
control field 20230109112949.0
008 - FIXED-LENGTH DATA ELEMENTS--GENERAL INFORMATION
fixed length control field 230109b ||||| |||| 00| 0 eng d
020 ## - INTERNATIONAL STANDARD BOOK NUMBER
International Standard Book Number 0394716647
040 ## - CATALOGING SOURCE
Transcribing agency AL
041 ## - LANGUAGE CODE
Language code of text/sound track or separate title English
082 ## - DEWEY DECIMAL CLASSIFICATION NUMBER
Edition number 23
Classification number 320.56
Item number CARS
100 ## - MAIN ENTRY--PERSONAL NAME
Personal name Stokely Carmichael
100 ## - MAIN ENTRY--PERSONAL NAME
9 (RLIN) 68971
245 ## - TITLE STATEMENT
Title Stokely Speaks Black Power to Pan Africanism
260 ## - PUBLICATION, DISTRIBUTION, ETC.
Place of publication, distribution, etc. New York
Name of publisher, distributor, etc. Vintage Books
Date of publication, distribution, etc. 1971
300 ## - PHYSICAL DESCRIPTION
Extent xxi,227 p.
Other physical details PB
Dimensions 18x11 cm.
650 ## - SUBJECT ADDED ENTRY--TOPICAL TERM
Topical term or geographic name entry element African Americans
9 (RLIN) 68972
650 ## - SUBJECT ADDED ENTRY--TOPICAL TERM
Topical term or geographic name entry element African Americans--Race identity
9 (RLIN) 68973
700 ## - ADDED ENTRY--PERSONAL NAME
Personal name CARMICHAEL (Stokely)
9 (RLIN) 68974
942 ## - ADDED ENTRY ELEMENTS (KOHA)
Source of classification or shelving scheme Dewey Decimal Classification
Koha item type Donated Books
Holdings
Withdrawn status Lost status Source of classification or shelving scheme Damaged status Not for loan Collection code Home library Current library Date acquired Total Checkouts Full call number Barcode Date last seen Price effective from Koha item type Public note
    Dewey Decimal Classification     Political Science St Aloysius Library St Aloysius Library 12/06/2014   320.56 CARS D05519 01/09/2023 01/09/2023 Donated Books Donated by V.T. Rajshekar